Visualizzazione normale
Vista MARC
- ETNOMUSICOLOGIA [CASSETTE]
di Topical Term
Records bibliografici associati: 1
001 - CONTROL NUMBER
- control field: 24019
003 - CONTROL NUMBER IDENTIFIER
- control field: IT-RoPau
005 - DATE AND TIME OF LATEST TRANSACTION
- control field: 20140505210133.0
008 - FIXED-LENGTH DATA ELEMENTS
- fixed length control field: 140505|| aca||aabn | a|a d
040 ## - CATALOGING SOURCE
- Original cataloging agency: IT-RoPau
- Transcribing agency: IT-RoPau
150 ## - HEADING--TOPICAL TERM
- Topical term or geographic name entry element: ETNOMUSICOLOGIA [CASSETTE]
- : Codice MATERIA SPICS: 9951
670 ## - SOURCE DATA FOUND
- Source citation: Work cat.: (IT-RoPau)100675: Leydi Roberto 24016, Cantastorie (04), 1978 [1a Ed.:1978 - Ed. Lingua Orig.: 1978]